Vocabulario en lengua misteca ... : (Record no. 44033)

MARC details
000 -LEADER
fixed length control field 00878cpcaa2200253 4500
001 - CONTROL NUMBER
control field mm 83084200
003 - CONTROL NUMBER IDENTIFIER
control field DLC
005 - DATE AND TIME OF LATEST TRANSACTION
control field 20260227111720.0
008 - FIXED-LENGTH DATA ELEMENTS--GENERAL INFORMATION
fixed length control field 830330|||||||||||| spa
010 ## - LIBRARY OF CONGRESS CONTROL NUMBER
LC control number mm 83084200
040 ## - CATALOGING SOURCE
Original cataloging agency DLC
Description conventions dacs
Transcribing agency DLC
Modifying agency DLC
072 #7 - SUBJECT CATEGORY CODE
Subject category code H
Source lcmd
100 1# - MAIN ENTRY--PERSONAL NAME
Personal name Alvarado, Francisco de,
Dates associated with a name -1603.
245 00 - TITLE STATEMENT
Title Vocabulario en lengua misteca ... :
Form manuscript copy
Inclusive dates 18--?
300 ## - PHYSICAL DESCRIPTION
Extent 1
Type of unit item.
506 0# - RESTRICTIONS ON ACCESS NOTE
Terms governing access Open to research.
520 8# - SUMMARY, ETC.
Summary, etc. 19th century manuscript copy (149 pages) of Mixtec vocabulary, originally published in 1593.
546 ## - LANGUAGE NOTE
Language note Collection material in Spanish.
650 #0 - SUBJECT ADDED ENTRY--TOPICAL TERM
Topical term or geographic name entry element Indians of Mexico
General subdivision Languages.
650 #0 - SUBJECT ADDED ENTRY--TOPICAL TERM
Topical term or geographic name entry element Mixtec Indians.
650 #0 - SUBJECT ADDED ENTRY--TOPICAL TERM
Topical term or geographic name entry element Mixtec language.

No items available.

Powered by Koha